MARC details
| 000 -LEADER |
| fixed length control field |
02316nam a2200541 i 4500 |
| 001 - CONTROL NUMBER |
| control field |
3441972 |
| 005 - DATE AND TIME OF LATEST TRANSACTION |
| control field |
20240815172009.0 |
| 008 - FIXED-LENGTH DATA ELEMENTS--GENERAL INFORMATION |
| fixed length control field |
240511s2024 nyu c 000 1 eng d |
| 010 ## - LIBRARY OF CONGRESS CONTROL NUMBER |
| LC control number |
2023944077 |
| 020 ## - INTERNATIONAL STANDARD BOOK NUMBER |
| International Standard Book Number |
9780063238244 : |
| Terms of availability |
$19.99 |
| 020 ## - INTERNATIONAL STANDARD BOOK NUMBER |
| International Standard Book Number |
0063238241 : |
| Terms of availability |
$19.99 |
| 035 ## - SYSTEM CONTROL NUMBER |
| System control number |
(OCoLC)1395887488 |
| 035 ## - SYSTEM CONTROL NUMBER |
| System control number |
(OCoLC)on1395887488 |
| 040 ## - CATALOGING SOURCE |
| Original cataloging agency |
PABRO |
| Language of cataloging |
eng |
| Description conventions |
rda |
| Transcribing agency |
PABRO |
| 050 #4 - LIBRARY OF CONGRESS CALL NUMBER |
| Classification number |
PZ7.1.B434739 |
| Item number |
Th 2024 |
| 082 04 - DEWEY DECIMAL CLASSIFICATION NUMBER |
| Classification number |
[Fic] |
| Edition number |
23 |
| 092 ## - LOCALLY ASSIGNED DEWEY CALL NUMBER (OCLC) |
| Classification number |
junior fiction |
| Item number |
Beck |
| 100 1# - MAIN ENTRY--PERSONAL NAME |
| Personal name |
Beck, Miya T., |
| Relator term |
author. |
| 9 (RLIN) |
6467977 |
| 245 10 - TITLE STATEMENT |
| Title |
Through a clouded mirror / |
| Statement of responsibility, etc |
Miya T. Beck. |
| 250 ## - EDITION STATEMENT |
| Edition statement |
First edition. |
| 264 #1 - Production, Publication, Distribution, Manufacture, and Copyright Notice. |
| Place of production, publication, distribution, manufacture |
New York : |
| Name of producer, publisher, distributor, manufacturer |
Balzer + Bray, an imprint of HarperCollins Publishers, |
| Date of production, publication, distribution, manufacture, or copyr |
[2024] |
| 300 ## - PHYSICAL DESCRIPTION |
| Extent |
257 pages ; |
| Dimensions |
22 cm |
| 336 ## - Content Type |
| Content type term |
text |
| 337 ## - Media type |
| Media type term |
unmediated |
| 338 ## - Carrier type |
| Carrier type term |
volume |
| 520 ## - SUMMARY, ETC. |
| Summary, etc |
Publisher Annotation: Inspired by The Wonderful Wizard of Oz and Alice's Adventures in Wonderland and set in a magical imperial Japan, this is a breathtaking fantasy adventure from the acclaimed author of The Pearl Hunter. |
| 521 1# - TARGET AUDIENCE NOTE |
| Target audience note |
8-12 |
| Source |
Brodart. |
| 521 2# - TARGET AUDIENCE NOTE |
| Target audience note |
3-7 |
| Source |
Brodart. |
| 650 #0 - SUBJECT ADDED ENTRY--TOPICAL TERM |
| Topical term or geographic name as entry element |
Mirror images |
| Form subdivision |
Juvenile fiction. |
| 9 (RLIN) |
6492143 |
| 650 #0 - SUBJECT ADDED ENTRY--TOPICAL TERM |
| Topical term or geographic name as entry element |
Imaginary creatures |
| Form subdivision |
Juvenile fiction. |
| 9 (RLIN) |
5713597 |
| 650 #1 - SUBJECT ADDED ENTRY--TOPICAL TERM |
| Topical term or geographic name as entry element |
Fantasy. |
| 650 #1 - SUBJECT ADDED ENTRY--TOPICAL TERM |
| Topical term or geographic name as entry element |
Mirror images |
| Form subdivision |
Fiction. |
| 9 (RLIN) |
6492144 |
| 650 #1 - SUBJECT ADDED ENTRY--TOPICAL TERM |
| Topical term or geographic name as entry element |
Imaginary creatures |
| Form subdivision |
Fiction. |
| 9 (RLIN) |
5676050 |
| 650 #7 - SUBJECT ADDED ENTRY--TOPICAL TERM |
| Topical term or geographic name as entry element |
JUVENILE FICTION / Action & Adventure. |
| Source of heading or term |
bisacsh |
| 9 (RLIN) |
5715081 |
| 650 #7 - SUBJECT ADDED ENTRY--TOPICAL TERM |
| Topical term or geographic name as entry element |
JUVENILE FICTION / Places / Asia. |
| Source of heading or term |
bisacsh |
| 9 (RLIN) |
6483253 |
| 650 #7 - SUBJECT ADDED ENTRY--TOPICAL TERM |
| Topical term or geographic name as entry element |
JUVENILE FICTION / Social Themes / Emotions & Feelings. |
| Source of heading or term |
bisacsh |
| 9 (RLIN) |
5728124 |
| 650 #7 - SUBJECT ADDED ENTRY--TOPICAL TERM |
| Topical term or geographic name as entry element |
JUVENILE FICTION / Science Fiction / Time Travel. |
| Source of heading or term |
bisacsh |
| 9 (RLIN) |
5807599 |
| 650 #7 - SUBJECT ADDED ENTRY--TOPICAL TERM |
| Topical term or geographic name as entry element |
JUVENILE FICTION / Legends, Myths, Fables / Asian. |
| Source of heading or term |
bisacsh |
| 9 (RLIN) |
6361952 |
| 655 #0 - INDEX TERM--GENRE/FORM |
| Genre/form data or focus term |
Fantasy fiction. |
| 655 #7 - INDEX TERM--GENRE/FORM |
| Genre/form data or focus term |
Fantasy fiction. |
| Source of term |
lcgft |
| 655 #7 - INDEX TERM--GENRE/FORM |
| Genre/form data or focus term |
Fantasy fiction. |
| Source of term |
gsafd |
| 942 ## - ADDED ENTRY ELEMENTS (KOHA) |
| Source of classification or shelving scheme |
Dewey Decimal Classification |
| Koha item type |
BOOK |